NFL Most Yards in a Season Per Team 2000-2024 - Statistics

General Stats
  • This quiz has been taken 163 times
  • The average score is 67 of 96
Answer Stats
Year Team Position Yards Player % Correct
2023 49ers QB 4280 Brock Purdy
98%
2011 Giants QB 4933 Eli Manning
95%
2013 Broncos QB 5477 Peyton Manning
95%
2011 Packers QB 4643 Aaron Rodgers
93%
2022 Seahawks QB 4282 Geno Smith
92%
2011 Lions QB 5038 Matthew Stafford
92%
2021 Rams QB 4886 Matthew Stafford
92%
2021 Buccaneers QB 5316 Tom Brady
92%
2011 Patriots QB 5235 Tom Brady
92%
2020 Bills QB 4544 Josh Allen
90%
2005 Panthers WR 1563 Steve Smith
90%
2015 Steelers WR 1834 Antonio Brown
89%
2012 Lions WR 1964 Calvin Johnson
89%
2017 Chargers WR 1393 Keenan Allen
89%
2022 Chiefs QB 5250 Patrick Mahomes
89%
2018 Chiefs WR 1479 Tyreek Hill
89%
2023 Dolphins WR 1799 Tyreek Hill
89%
2022 Eagles WR 1496 A.J. Brown
88%
2021 Packers WR 1553 Davante Adams
88%
2022 Raiders WR 1516 Davante Adams
88%
2021 Bengals QB 4611 Joe Burrow
87%
2018 Buccaneers WR 1524 Mike Evans
87%
2012 Texans WR 1598 Andre Johnson
86%
2023 Cowboys WR 1749 CeeDee Lamb
86%
2016 Cardinals RB 1239 David Johnson
86%
2011 Saints QB 5476 Drew Brees
86%
2005 Chiefs RB 1750 Larry Johnson
86%
2005 Bengals RB 1458 Rudi Johnson
86%
2014 Broncos WR 1619 Demaryius Thomas
85%
2021 Raiders QB 4804 Derek Carr
85%
2019 Saints WR 1725 Michael Thomas
85%
2011 Panthers QB 4051 Cam Newton
84%
2016 Falcons QB 4944 Matt Ryan
84%
2020 Bills WR 1535 Stefon Diggs
84%
2023 Dolphins QB 4624 Tua Tagovailoa
84%
2019 Browns QB 3827 Baker Mayfield
83%
2021 Bengals WR 1455 Ja'Marr Chase
82%
2016 Ravens QB 4317 Joe Flacco
82%
2021 Colts RB 1811 Jonathan Taylor
82%
2015 Falcons WR 1871 Julio Jones
82%
2022 Browns RB 1525 Nick Chubb
82%
2016 Cowboys RB 1631 Ezekiel Elliott
81%
2021 Rams WR 1947 Cooper Kupp
80%
2021 Chargers QB 5014 Justin Herbert
80%
2018 Steelers QB 5129 Ben Roethlisberger
79%
2019 Eagles QB 4039 Carson Wentz
79%
2012 Cowboys QB 4903 Tony Romo
79%
2014 Colts QB 4761 Andrew Luck
78%
2006 Chargers RB 1815 LaDainian Tomlinson
78%
2020 Titans RB 2027 Derrick Henry
77%
2020 Texans QB 4823 Deshaun Watson
77%
2022 Raiders RB 1653 Josh Jacobs
77%
2020 Seahawks WR 1303 D.K. Metcalf
76%
2021 Ravens TE 1361 Mark Andrews
76%
2002 Bills RB 1438 Travis Henry
76%
2022 Vikings WR 1809 Justin Jefferson
74%
2002 Colts WR 1722 Marvin Harrison
73%
2012 Vikings RB 2097 Adrian Peterson
72%
2015 Jaguars QB 4428 Blake Bortles
71%
2015 Cardinals QB 4671 Carson Palmer
71%
2020 Titans QB 3819 Ryan Tannehill
70%
2014 Bears QB 3812 Jay Cutler
69%
2005 Redskins WR 1483 Santana Moss
68%
2016 Redskins QB 4917 Kirk Cousins
64%
2011 Patriots WR 1569 Wes Welker
63%
2006 49ers RB 1695 Frank Gore
62%
2005 Seahawks RB 1880 Shaun Alexander
60%
2006 Rams RB 1528 Steven Jackson
60%
2000 49ers WR 1451 Terrell Owens
58%
2013 Eagles RB 1607 LeSean McCoy
57%
2013 Browns WR 1646 Josh Gordon
53%
2008 Panthers RB 1515 DeAngelo Williams
52%
2002 Dolphins RB 1853 Ricky Williams
52%
2012 Bears WR 1508 Brandon Marshall
50%
2015 Jets WR 1502 Brandon Marshall
50%
2015 Jets QB 3905 Ryan Fitzpatrick
49%
2004 Vikings QB 4717 Daunte Culpepper
48%
2012 Buccaneers RB 1454 Doug Martin
47%
2005 Giants RB 1860 Tiki Barber
47%
2004 Jets RB 1697 Curtis Martin
46%
2011 Jaguars RB 1606 Maurice Jones-Drew
46%
2011 Giants WR 1536 Victor Cruz
46%
2003 Packers RB 1883 Ahman Green
45%
2015 Jaguars WR 1400 Allen Robinson
45%
2003 Ravens RB 2066 Jamal Lewis
43%
2013 Bears RB 1339 Matt Forte
43%
2010 Texans RB 1616 Arian Foster
40%
2012 Redskins RB 1613 Alfred Morris
33%
2004 Patriots RB 1635 Corey Dillon
33%
2008 Falcons RB 1699 Michael Turner
29%
2003 Broncos RB 1591 Clinton Portis
25%
2003 Saints RB 1641 Deuce McAllister
24%
2000 Lions RB 1184 James Stewart
20%
2001 Cardinals WR 1598 David Boston
15%
2006 Steelers RB 1494 Willie Parker
14%
2003 Titans WR 1303 Derrick Mason
11%
No matching quizzes found
Score Distribution
Percent of People with Each Score
Percentile by Number Answered
Your Score History
You have not taken this quiz